Cuadernos de teoría y crítica 3: mimesis y realismo Erich Auerbach

Saved in:
Bibliographic Details
Main Author: Rodríguez Freire, Raúl (autor)
Format: Book
Language:Spanish
Published: Viña del Mar Cuadernos Teoría y Crítica 2017
Edition:1a. ed
Subjects:
Tags: Add Tag
No Tags, Be the first to tag this record!

MARC

LEADER 00000cam a2200000 a 4500
001 UCC2882
003 CL-VaPUC
008 180323e20170900cl |||||||||||||||||spa|d
082 0 4 |a 709  |b ROD  |2 21 
100 |a Rodríguez Freire, Raúl  |e autor  |9 896307 
245 1 0 |a Cuadernos de teoría y crítica 3: mimesis y realismo Erich Auerbach 
250 |a 1a. ed 
300 |a 149 p 
942 |c BK 
945 |d 20180323 15:33:00  |a arojas 
260 |a Viña del Mar  |b Cuadernos Teoría y Crítica  |c 2017 
650 0 |a Historia del arte  |9 314877 
650 0 |a Realismo  |9 259117 
650 0 |a Romanticismo   |9 266698 
650 0 |a Literatura comparada  |9 319086 
650 0 |a Arte moderno  |9 265333 
583 |a last modification  |c 20180323 15:33:00  |k Rodrigo Vera 
999 |c 370795  |d 370793 
952 |0 0  |1 0  |3 erb  |4 0  |6 709_000000000000000_ROD_2017  |7 0  |8 A  |9 487446  |a BIBART  |b BIBART  |i 5458803  |o 709 ROD 2017  |p 5458803  |r 2025-03-13  |w 2019-11-24  |y BK  |z Catalogado en:20180323  |k ART